000 00283nam a22001217a 4500
008 180815b xxu||||| |||| 00| 0 eng d
041 _aeng
080 _a61
100 _a3
101 _ashm
245 _acurrent therapy in crtical care medicine
_cparrillo.j.e
942 _2udc
_cBK
999 _c47183
_d47183